| 000 | 00568nam a22001697a 4500 | ||
|---|---|---|---|
| 005 | 20141110094207.0 | ||
| 008 | 141110b xxu||||| |||| 00| 0 eng d | ||
| 020 | _a9780273779285 | ||
| 050 |
_aQA 76.9.D3 _b.H675 2013 |
||
| 100 | _aHoffer, Jeffrey A. | ||
| 245 |
_aModern database management / _cJeffrey A. Hoffer, V. Ramesh and Heikki Topi. |
||
| 260 |
_aUpper Saddle River, N.J. : _bPrentice Hall, _cc2013. |
||
| 300 |
_a624 pages : _bcolored illustrations ; _c27 cm. |
||
| 521 | _aInformation Technology | ||
| 650 | _aDatabase management. | ||
| 942 |
_2lcc _cBK _kFOR |
||
| 999 |
_c276743 _d276743 |
||